000 01984nam0a2200349 4500
001 RU\NLR\bibl\821425
005 20250614135416.0
010 _a5-8150-0239-9
_9200
021 _aRU
_b2005-14684
_9746
035 _a(NLR Aleph) 000810336
090 _a1237155
_c1237155
100 _a20050718d2004 |||y0rusy50 ca
101 0 _arus
102 _aRU
105 _aa |||||||||
200 1 _aПодземная разработка пластовых месторождений
_eучебное пособие для студентов, обучающихся по направлению подготовки 650600 "Горное дело"
_e[практикум]
_fА.И. Голованов, В.А. Овинников
_gМ-во образования и науки Рос. Федерации, Федер. агентство по образованию, Гос. ун-т цв. металлов и золота
210 _aКрасноярск
_cредакционно-издательский отдел ГУЦМиЗ
_d2004
215 _a111 с.
_cил.
_d20
300 _aНа обл. авт. не указаны
313 _aкам. уголь
320 _aБиблиогр.: с. 103-104 (21 назв.)
606 1 _aКаменный уголь
_jУчебные издания для высших учебных заведений
_xМесторождения
_xРазработка
_91248901
_3RU\NLR\auth\66510980
606 1 _aКаменный уголь
_jРуководства, пособия и т.п. для высшей школы
_xМесторождения
_xРазработка
_91248901
_3RU\NLR\auth\66510980
686 _aИ310.1я73-1
700 1 _aГолованов
_bА. И.
_gАлексей Иванович
_4070
701 1 _aОвинников
_bВ. А.
_gВадим Александрович
_4070
801 0 _aRU
_bNLR
_c20050718
_grcr
801 1 _aRU
_bNLR
_c20050718
830 _aавт. по кн.
942 _cBOOK
980 _aNB